01236nabaa22002417a 4500999001500000003000400015005001700019008004100036040000700077100003400084245010700118300001300225500003700238505036300275505008900638650003200727650003500759650001800794650002100812650002700833773012100860942001300981 c6151d6151OSt20260123192209.0190701b xxu||||| |||| 00| 0 spa d cPJ 96902aLorenti (h.), Pedro M. 10aEjecución de garantías a primera demanda en la contratación pública /cPedro M. Lorenti (h.).  ap. 31-49 aCita: TR LALEY AR/DOC/3191/2023  aSumario: I. Introducción.— II. "...(W)on't take no for an answer...".— III. En nuestro derecho civil y comercial...— IV. ...y en nuestro derecho de los seguros.— V. Garantías a primer requerimiento y contratos del sector público.— VI. Pago a primer requerimiento y derecho administrativo.— VII. Quid de la caución.— VIII. Conclusiones.  t¿Te interesa el texto completo? Comunicate al correo: koha@justierradelfuego.gov.ar 09211aDERECHO ADMINISTRATIVO 091497aCODIGO CIVIL Y COMERCIAL 091921aSEGUROS 093463aCONTRATOS  0aEJECUCION DE SENTENCIA0 0284293251dBuenos Aires : AbeledoPerrot, 2012-oDA121tDerecho administrativo. Nº 151 enero/febrero 2024z18510590 2udccANA